Countries, US States, Capitals, Elements, 100 Most Common Words: one for each starting letter - Statistics

General Stats
  • This quiz has been taken 1,337 times
  • The average score is 103 of 127
Answer Stats
ANSWER % Correct
A-ew
99%
A-c
97%
A-us
96%
B-c
95%
C-c
95%
I-ew
95%
B-ew
94%
D-c
94%
G-c
94%
I-c
94%
B-wc
93%
C-us
93%
E-c
93%
F-c
93%
I-us
93%
J-c
93%
L-c
93%
M-c
93%
N-c
93%
N-ew
93%
P-c
93%
S-c
93%
S-ew
93%
T-c
93%
U-c
93%
Z-c
93%
H-c
92%
K-c
92%
M-us
92%
N-us
92%
O-us
92%
R-c
92%
W-us
92%
A-wc
91%
G-us
91%
H-ew
91%
K-us
91%
L-wc
91%
M-wc
91%
Q-c
91%
V-c
91%
W-wc
91%
D-ew
90%
D-us
90%
G-ew
90%
M-ew
90%
O-c
90%
T-ew
90%
T-us
90%
V-us
90%
Y-c
90%
C-e
89%
C-ew
89%
O-ew
89%
S-us
89%
C-wc
88%
D-wc
88%
F-us
88%
S-wc
88%
A-e
87%
H-us
87%
P-wc
87%
R-us
87%
T-wc
87%
U-us
87%
H-e
86%
R-wc
86%
S-e
86%
V-wc
86%
I-e
85%
L-us
85%
P-us
85%
W-ew
85%
A-uc
84%
H-wc
84%
K-wc
84%
O-wc
84%
U-ew
84%
J-wc
83%
B-uc
82%
G-e
82%
O-e
82%
B-e
81%
F-ew
81%
N-e
81%
N-wc
81%
L-e
80%
Y-ew
80%
S-uc
79%
P-e
78%
M-e
77%
Z-e
77%
T-e
76%
D-uc
75%
R-e
74%
U-e
74%
H-uc
72%
J-uc
72%
G-wc
71%
I-uc
70%
X-e
70%
C-uc
69%
O-uc
68%
Q-wc
68%
R-uc
65%
T-uc
65%
P-uc
64%
Y-wc
64%
Z-wc
64%
E-e
63%
F-e
63%
L-uc
63%
U-wc
63%
F-wc
62%
I-wc
62%
M-uc
60%
K-e
57%
L-ew
55%
J-ew
54%
Y-e
53%
F-uc
51%
N-uc
51%
V-e
51%
D-e
39%
E-ew
38%
K-ew
37%
P-ew
23%
No matching quizzes found
Score Distribution
Percent of People with Each Score
Percentile by Number Answered
Your Score History
You have not taken this quiz